| 000 | 00818nam a2200277Ia 4500 | ||
|---|---|---|---|
| 003 | OSt | ||
| 005 | 20220912151939.0 | ||
| 006 | a|||||r|||| 00| 0 | ||
| 007 | ta | ||
| 008 | 220909b |||||||| |||| 00| 0 eng d | ||
| 024 | _a64221 | ||
| 037 | _cTextual | ||
| 040 |
_aCSL _beng _cCSL |
||
| 041 | _aeng | ||
| 082 | _aF58, F5.2 CS | ||
| 100 | _aKnecht Edmund | ||
| 245 | 0 | _aManual of dyeing: for the use of practical dyers, manufacturers, students and all interested in the art of dyeing | |
| 250 | _a8 | ||
| 260 | _c1925 | ||
| 300 |
_ap. _ccm. |
||
| 650 | _aChemical Technology | ||
| 700 | _a Loewenthal Richard | ||
| 700 | _a Rawson Christopher | ||
| 942 |
_hF58, F5.2 CS _cTEXL _2CC |
||
| 999 |
_c77701 _d77701 |
||